| Tag |
First Indicator |
Second Indicator |
Subfields |
| LEADER |
00000cam a2200000I 4500 |
| 001 |
in00002002253 |
| 005 |
20151031141142.0 |
| 008 |
730406s1971 sp b 000 0 spa d |
| 010 |
|
|
|a 70869105
|
| 035 |
|
|
|a (OCoLC)ocm00598485
|
| 040 |
|
|
|a DRB
|c DRB
|d TXX
|d OCLCQ
|d MUQ
|d TXA
|d UtOrBLW
|
| 049 |
|
|
|a TXAM
|
| 090 |
|
|
|a PQ6573.Z5
|b A88 1971
|
| 092 |
|
|
|a 863.5
|
| 100 |
1 |
|
|a Azaña, Manuel,
|d 1880-1940.
|
| 245 |
1 |
0 |
|a Ensayos sobre Valera /
|c Prólogo de Juan Marichal.
|
| 264 |
|
1 |
|a Madrid :
|b Alianza Editorial,
|c [1971]
|
| 300 |
|
|
|a 283 pages ;
|c 18 cm.
|
| 336 |
|
|
|a text
|b txt
|2 rdacontent
|
| 337 |
|
|
|a unmediated
|b n
|2 rdamedia
|
| 338 |
|
|
|a volume
|b nc
|2 rdacarrier
|
| 490 |
0 |
|
|a El Libro de bolsillo, 300. Sección: Humanidades
|
| 504 |
|
|
|a Bibliography: pages 247-281.
|
| 536 |
|
|
|a From the Biblioteca Asensio, April 2004.
|
| 600 |
1 |
0 |
|a Valera, Juan,
|d 1824-1905.
|
| 600 |
1 |
6 |
|a Valera y Alcalá Galiano, Juan,
|d 1824-1905.
|
| 650 |
|
6 |
|a Écrivains espagnols
|y 19e siècle
|x Biographies.
|
| 994 |
|
|
|a C0
|b TXA
|
| 948 |
|
|
|a cataloged
|b h
|c 2004/11/12
|d c
|e bhartsfi
|f 11:26:18 am
|
| 999 |
|
|
|a MARS
|
| 999 |
f |
f |
|s 632134b7-aaac-3839-b89b-d55bf80344cd
|i 250a8ca8-3fc3-3e8f-a4bd-19e125e1e0f8
|t 0
|
| 952 |
f |
f |
|p ric
|a Texas A&M University
|b Rellis Campus
|c Joint Library Facility
|d Remote Storage
|t 0
|e PQ6573.Z5 A88 1971
|h Library of Congress classification
|i unmediated -- volume
|m A14831286440
|
| 998 |
f |
f |
|a PQ6573.Z5 A88 1971
|t 0
|l Remote Storage
|